[Event "26. Off. Wuerttembergische Seniorenmst."]
[Site "Freudenstadt"]
[Date "2014.07.21"]
[Round "6.8"]
[White "Duijker, Bert"]
[Black "Prill, Gerhard"]
[Result "1/2-1/2"]
[WhiteElo "1893"]
[BlackElo "1955"]
[PlyCount "54"]
[EventDate "2014.??.??"]
[BlackTeam "SC Heitersheim"]

1. Nf3 d5 2. d4 Nf6 3. c4 c6 4. Qc2 g6 5. e3 a6 6. h3 Bg7 7. Bd3 dxc4 8. Bxc4
O-O 9. Nc3 Nbd7 10. O-O Nb6 11. Bb3 Nfd5 12. e4 Nc7 13. Be3 Be6 14. Bxe6 Nxe6
15. Rfd1 Rc8 16. Rac1 Qc7 17. Qb3 Qb8 18. Qb4 Rfe8 19. g3 h6 20. Kg2 Nd7 21.
Na4 b6 22. Qd2 Kh7 23. d5 cxd5 24. Qxd5 Nec5 25. Nxc5 bxc5 26. b3 Qb5 27. Qd3
Qa5 1/2-1/2

[Event "26. Off. Wuerttembergische Seniorenmst."]
[Site "Freudenstadt"]
[Date "2014.07.21"]
[Round "6.9"]
[White "Schmieder, Siegfried"]
[Black "Streiter, Manfred"]
[Result "0-1"]
[WhiteElo "1962"]
[BlackElo "1747"]
[PlyCount "70"]
[EventDate "2014.??.??"]
[WhiteTeam "SG Schwäbisch Gmünd 1872 e.V"]
[BlackTeam "SGem Vaihingen-Rohr"]

1. e4 e6 2. d4 d5 3. e5 c5 4. c3 Nc6 5. Nf3 Bd7 6. a3 c4 7. Bf4 Na5 8. Nbd2 Qc7
9. Be2 h6 10. O-O g5 11. Bg3 Ne7 12. h3 Rg8 13. Ne1 Nf5 14. Bh2 Nb3 15. Nxb3
Ba4 16. Bg4 Bxb3 17. Qd2 Ng7 18. f4 h5 19. Be2 gxf4 20. Bxf4 O-O-O 21. Bg5 Re8
22. Bf6 Nf5 23. Rf2 Bh6 24. Rf4 Rg6 25. Bxh5 Reg8 26. Bg4 Rxg4 27. hxg4 Rxg4
28. Rxg4 Bxd2 29. Nf3 Be3+ 30. Kh2 Kd7 31. Nh4 Bf2 32. Rf1 Nxh4 33. Bxh4 Bxh4
34. g3 Be7 35. Rf2 Bd1 0-1

[Event "26. Off. Wuerttembergische Seniorenmst."]
[Site "Freudenstadt"]
[Date "2014.07.21"]
[Round "6.10"]
[White "Pfitzer, Martin"]
[Black "Pfitzer, Norbert"]
[Result "1/2-1/2"]
[WhiteElo "1779"]
[BlackElo "1928"]
[PlyCount "39"]
[EventDate "2014.??.??"]
[WhiteTeam "SV Aalen-Ellwangen e.V."]
[BlackTeam "SV Aalen-Ellwangen e.V."]

1. e4 e5 2. Nf3 Nc6 3. Nc3 Nf6 4. d4 exd4 5. Nxd4 d6 6. Bb5 Bd7 7. O-O Nxd4 8.
Bxd7+ Nxd7 9. Qxd4 Qf6 10. Qxf6 Nxf6 11. Nd5 Nxd5 12. exd5 Kd7 13. Re1 Be7 14.
Bd2 Bf6 15. Rab1 Rhe8 16. b3 Rxe1+ 17. Rxe1 Re8 18. Rxe8 Kxe8 19. c4 c6 20. Kf1
1/2-1/2

[Event "26. Off. Wuerttembergische Seniorenmst."]
[Site "Freudenstadt"]
[Date "2014.07.21"]
[Round "6.11"]
[White "Kromer, Thomas"]
[Black "Schwertel, Johann"]
[Result "1/2-1/2"]
[WhiteElo "1745"]
[BlackElo "1898"]
[PlyCount "80"]
[EventDate "2014.??.??"]
[WhiteTeam "SF Riedlingen"]
[BlackTeam "SV Koblenz 03/25"]

1. Nf3 d5 2. g3 Nf6 3. Bg2 c6 4. O-O Bf5 5. d3 Nbd7 6. Re1 e5 7. Nh4 Be6 8. e4
dxe4 9. Bxe4 Nxe4 10. dxe4 Qb6 11. Nc3 Nf6 12. Nf5 Rd8 13. Qe2 g6 14. Bg5 Nh5
15. Bxd8 Qxd8 16. Rad1 Qc7 17. Rd2 Bb4 18. Nh6 Bf8 19. Nf5 Bb4 20. Red1 O-O 21.
a3 Bc5 22. Na4 Bb6 23. Nxb6 Qxb6 24. b3 Nf6 25. Nh6+ Kg7 26. Qf3 Qc7 27. Kg2
Qc8 28. Qe3 b6 29. Nf5+ Kh8 30. Qh6 Bxf5 31. exf5 Ng8 32. Qh3 c5 33. fxg6 Qc6+
34. Kg1 fxg6 35. Rd7 h5 36. Qg2 Qf6 37. Qb7 Qxf2+ 38. Kh1 Nf6 39. Rd8 Rxd8 40.
Rxd8+ Ng8 1/2-1/2

[Event "26. Off. Wuerttembergische Seniorenmst."]
[Site "Freudenstadt"]
[Date "2014.07.21"]
[Round "6.12"]
[White "Heinzel, Peter"]
[Black "Fitzke, Ulrich"]
[Result "1-0"]
[WhiteElo "1887"]
[BlackElo "1648"]
[PlyCount "119"]
[EventDate "2014.??.??"]
[WhiteTeam "SC Mülheim 08/25 e.V."]
[BlackTeam "SV Bau-Union e.V."]

1. b4 d5 2. Bb2 e6 3. e3 Nf6 4. a3 Be7 5. Nf3 O-O 6. c4 b6 7. d4 dxc4 8. Bxc4
c5 9. bxc5 bxc5 10. O-O Ba6 11. Nbd2 Bxc4 12. Nxc4 cxd4 13. Nxd4 Qd5 14. Qe2
Nc6 15. Rfd1 Rfd8 16. a4 Rac8 17. Nb5 Qc5 18. Ba3 Rxd1+ 19. Rxd1 Nb4 20. Ncd6
Bxd6 21. Nxd6 Rd8 22. Nb7 Rxd1+ 23. Qxd1 Qd5 24. Qxd5 Nbxd5 25. a5 Nd7 26. Kf1
Nc3 27. Ke1 a6 28. Bb4 Nd5 29. Bd6 N5f6 30. Ke2 Ne8 31. Ba3 e5 32. Kd3 f6 33.
Kc4 Nc7 34. Bd6 Nb5 35. Kd5 Kf7 36. Kc6 Ke8 37. Bb4 Na7+ 38. Kd5 Nb8 39. Kd6
Nb5+ 40. Kd5 Nc7+ 41. Kc4 Nc6 42. Bc5 Na8 43. Ba3 Nc7 44. Kc5 Kd7 45. Kb6 Nb8
46. Bd6 Nd5+ 47. Ka7 Nc6+ 48. Kxa6 Nc3 49. Bf8 g6 50. Kb6 Na4+ 51. Kb5 Nc3+ 52.
Kc4 Nd1 53. a6 Nxf2 54. Bc5 Kc7 55. Nd6 Kb8 56. Kb5 Na7+ 57. Bxa7+ Kxa7 58.
Nc8+ Kb8 59. Kb6 Ne4 60. Ne7 1-0

[Event "26. Off. Wuerttembergische Seniorenmst."]
[Site "Freudenstadt"]
[Date "2014.07.21"]
[Round "6.13"]
[White "Just, Joachim"]
[Black "Philippin, Otto"]
[Result "1/2-1/2"]
[WhiteElo "1878"]
[BlackElo "1718"]
[PlyCount "128"]
[EventDate "2014.??.??"]
[WhiteTeam "SV Motor Zeitz"]
[BlackTeam "SVG Vaihingen/Enz"]

1. d4 d6 2. e4 e5 3. dxe5 dxe5 4. Qxd8+ Kxd8 5. Nf3 Bd6 6. Bc4 Be6 7. Bxe6 fxe6
8. Nc3 Nf6 9. Be3 Ke7 10. O-O Nbd7 11. Rfe1 h6 12. Rad1 g5 13. a3 Nf8 14. Nd2
Ng6 15. Nc4 b6 16. b4 Rhc8 17. f3 Ne8 18. Rd2 c6 19. Red1 Rd8 20. g3 Bc7 21. b5
c5 22. Kf2 Rxd2+ 23. Rxd2 Rd8 24. Rxd8 Bxd8 25. a4 Nd6 26. Nd2 Nf7 27. Ncb1 Bc7
28. Nc4 Nd6 29. Nbd2 Nxc4 30. Nxc4 Kf6 31. Bc1 Bb8 32. h3 Bc7 33. Ke3 Ke7 34.
Kd3 Kf7 35. Bd2 Kg7 36. Ne3 Nh8 37. Bc1 Kg6 38. Nc4 Nf7 39. Bb2 Kh7 40. Ba3 Kg6
41. a5 Kf6 42. a6 Nd6 43. Nxd6 Bxd6 44. Kc4 Bc7 45. Bb2 Kg6 46. Bc1 Kh5 47. Be3
Bd6 48. Kd3 Bc7 49. Bf2 Bd6 50. Bg1 Bc7 51. Bh2 Bd6 52. c4 Bc7 53. Ke3 Bd6 54.
Kf2 Bc7 55. Kg2 Bd6 56. Bg1 Bc7 57. Bf2 Bd6 58. Be3 Bc7 59. g4+ Kg6 60. Kg3 Bd6
61. h4 Bc7 62. Bd2 Bd6 63. Bc3 Bc7 64. hxg5 hxg5 1/2-1/2

[Event "26. Off. Wuerttembergische Seniorenmst."]
[Site "Freudenstadt"]
[Date "2014.07.21"]
[Round "6.14"]
[White "Reimann, Guenther"]
[Black "Juergens, Peter"]
[Result "1/2-1/2"]
[WhiteElo "1751"]
[BlackElo "1871"]
[PlyCount "36"]
[EventDate "2014.??.??"]
[WhiteTeam "SC Magstadt"]
[BlackTeam "SC Tempo Göttingen"]

1. c4 e6 2. d3 c5 3. Nf3 d5 4. Nbd2 Nf6 5. g3 Be7 6. Bg2 O-O 7. O-O Nc6 8. Re1
b6 9. a3 Bb7 10. b3 Qd7 11. Bb2 d4 12. Qc2 h6 13. Rad1 Rad8 14. Bf1 e5 15. e4
Nh7 16. Bg2 Qe6 17. Bc1 Bc8 18. Rf1 Qg4 1/2-1/2

[Event "26. Off. Wuerttembergische Seniorenmst."]
[Site "Freudenstadt"]
[Date "2014.07.21"]
[Round "6.15"]
[White "Gerhardt, Peter-Michael"]
[Black "Goldinger, Josef"]
[Result "1-0"]
[WhiteElo "1861"]
[BlackElo "1590"]
[PlyCount "111"]
[EventDate "2014.??.??"]
[WhiteTeam "SC Vahr"]
[BlackTeam "SV Rottweil"]

1. d4 e6 2. Nf3 Nf6 3. g3 d5 4. Bg2 c5 5. O-O cxd4 6. Nxd4 Nc6 7. Nxc6 bxc6 8.
c4 Be7 9. Qc2 O-O 10. b3 Qb6 11. Nd2 Ba6 12. Bb2 Nd7 13. Rac1 Rac8 14. Rfe1 Bc5
15. e3 d4 16. exd4 Bxd4 17. Bxd4 Qxd4 18. Ne4 Qb6 19. c5 Qc7 20. Rcd1 Rcd8 21.
Rd6 Bc8 22. Rxc6 Qa5 23. Rc1 Ne5 24. Rd6 Ba6 25. b4 Qa3 26. Qc3 Qxc3 27. Rxc3
Bd3 28. Rxd8 Rxd8 29. Nd6 Bg6 30. f4 Nd3 31. b5 h5 32. f5 Nxc5 33. Rxc5 exf5
34. Nxf5 Rd1+ 35. Bf1 Kh7 36. h4 f6 37. Kf2 Rd2+ 38. Ke3 Rxa2 39. Bd3 Ra3 40.
Rd5 Kh8 41. Ne7 Bxd3 42. Rxd3 Ra1 43. Nc6 g5 44. hxg5 fxg5 45. Rd8+ Kg7 46.
Rd7+ Kf6 47. Rxa7 Rb1 48. Nd4 Re1+ 49. Kf2 Rd1 50. Ra6+ Ke5 51. Nf3+ Kf5 52. b6
g4 53. Ra5+ Kg6 54. Ng5 Kf6 55. b7 Rd2+ 56. Ke1 1-0

[Event "26. Off. Wuerttembergische Seniorenmst."]
[Site "Freudenstadt"]
[Date "2014.07.21"]
[Round "6.16"]
[White "Mertens, Gottfried"]
[Black "Schmidt, Heinrich"]
[Result "1/2-1/2"]
[WhiteElo "1669"]
[BlackElo "1854"]
[PlyCount "44"]
[EventDate "2014.??.??"]
[WhiteTeam "SK Weinheim 1911 e.V."]
[BlackTeam "SV Nagold"]

1. b4 e5 2. Bb2 f6 3. a3 d5 4. e3 Bd6 5. Nf3 Ne7 6. c4 c6 7. Nc3 a6 8. Be2 Be6
9. cxd5 cxd5 10. d4 e4 11. Nd2 O-O 12. O-O Nd7 13. Qb3 f5 14. f3 f4 15. fxe4
fxe3 16. Nf3 Ng6 17. e5 Be7 18. Nd1 Nf4 19. Qxe3 Nxe2+ 20. Qxe2 Nb6 21. Bc1 Rc8
22. Be3 Nc4 1/2-1/2

[Event "26. Off. Wuerttembergische Seniorenmst."]
[Site "Freudenstadt"]
[Date "2014.07.21"]
[Round "6.17"]
[White "Klein, Peter"]
[Black "Hinz, Ekkehard"]
[Result "0-1"]
[WhiteElo "1569"]
[BlackElo "1810"]
[PlyCount "60"]
[EventDate "2014.??.??"]
[WhiteTeam "SK Horb"]
[BlackTeam "SK Großsachsen"]

1. d4 Nf6 2. Nf3 g6 3. c4 Bg7 4. Nc3 d5 5. Bf4 O-O 6. e3 c5 7. dxc5 Qa5 8. Be5
Nc6 9. Bd4 Bg4 10. h3 Bxf3 11. Qxf3 e5 12. O-O-O exd4 13. exd4 Nxd4 14. Rxd4
Ne4 15. Rd3 Nxc3 16. bxc3 dxc4 17. Rd2 Bh6 18. Bxc4 Qa3+ 19. Kc2 Bxd2 20. Kxd2
Qb2+ 21. Kd3 Rae8 22. h4 Re7 23. Rh3 Rd8+ 24. Bd5 Qxa2 25. c4 b5 26. Qf4 bxc4+
27. Qxc4 Rxd5+ 28. Kc3 Qd2+ 29. Kb3 Rb7+ 30. Ka4 Rd4 0-1

[Event "26. Off. Wuerttembergische Seniorenmst."]
[Site "Freudenstadt"]
[Date "2014.07.21"]
[Round "6.18"]
[White "Abegg, Beat"]
[Black "Duerr, Hanno"]
[Result "1/2-1/2"]
[WhiteElo "1910"]
[BlackElo "1739"]
[PlyCount "63"]
[EventDate "2014.??.??"]
[BlackTeam "SGem Vaihingen-Rohr"]

1. d4 d5 2. c4 c6 3. Nf3 Nf6 4. e3 Nbd7 5. b3 e6 6. Bb2 Bd6 7. Bd3 O-O 8. O-O
Re8 9. Ne5 Bf8 10. Nxd7 Nxd7 11. Nd2 h6 12. Nf3 a6 13. a4 b6 14. Qe2 Bb7 15. e4
c5 16. Rfe1 dxe4 17. Bxe4 Bxe4 18. Qxe4 cxd4 19. Nxd4 Nc5 20. Qe3 a5 21. Rad1
Qg5 22. f4 Qh5 23. Nf3 Rad8 24. Be5 Rc8 25. Bd6 Qg6 26. Bxf8 Kxf8 27. Ne5 Qc2
28. Nd7+ Nxd7 29. Rxd7 Rc6 30. Ra1 Kg8 31. Rd2 Qf5 32. Rd8 1/2-1/2

[Event "26. Off. Wuerttembergische Seniorenmst."]
[Site "Freudenstadt"]
[Date "2014.07.21"]
[Round "6.19"]
[White "Abel, Hans-Peter"]
[Black "Foltas, Hermann"]
[Result "1/2-1/2"]
[WhiteElo "1709"]
[BlackElo "1884"]
[PlyCount "120"]
[EventDate "2014.??.??"]
[WhiteTeam "SC Leinfelden"]
[BlackTeam "SK Siemens München"]

1. Nf3 d5 2. d4 Nf6 3. g3 e6 4. c4 b6 5. Bg2 Bb7 6. b3 Bb4+ 7. Bd2 Qe7 8. O-O
O-O 9. a3 Bxd2 10. Nbxd2 c5 11. dxc5 bxc5 12. e3 Nbd7 13. Qc2 a5 14. Rfe1 h6
15. Rac1 Rfc8 16. Qb2 Ra7 17. Ne5 Nxe5 18. Qxe5 Qc7 19. Qxc7 Rxc7 20. Rb1 a4
21. b4 dxc4 22. Nxc4 cxb4 23. Rxb4 Nd5 24. Bxd5 Bxd5 25. Nd6 Ra5 26. e4 Ba2 27.
Re2 Bb3 28. Re1 Ra8 29. Rb7 Rxb7 30. Nxb7 Rb8 31. Nd6 Rd8 32. e5 f6 33. f4 fxe5
34. fxe5 Rb8 35. h4 Bd5 36. Re3 Rb3 37. Kf2 Rb2+ 38. Ke1 Kh7 39. Ne4 Kg6 40.
Nc5 Bb3 41. Nxb3 axb3 42. Kd1 Kf5 43. Kc1 Ra2 44. Rxb3 Kxe5 45. Kb1 Rf2 46. a4
Rf7 47. a5 Ra7 48. Ra3 Kd4 49. Kb2 e5 50. Kc2 e4 51. Kd2 Ra6 52. Ra4+ Ke5 53.
Ke3 Kf5 54. Kf2 h5 55. Kg2 Ke5 56. Kf2 Kf5 57. Ke3 g6 58. Kf2 g5 59. hxg5 Kxg5
60. Kg2 Kf5 1/2-1/2

[Event "26. Off. Wuerttembergische Seniorenmst."]
[Site "Freudenstadt"]
[Date "2014.07.21"]
[Round "6.20"]
[White "Macher, Claus"]
[Black "Woelbl, Josef"]
[Result "1/2-1/2"]
[WhiteElo "1839"]
[BlackElo "1623"]
[PlyCount "90"]
[EventDate "2014.??.??"]
[WhiteTeam "SF Ammerbuch"]
[BlackTeam "SV Rottweil"]

1. d4 Nf6 2. c4 e6 3. Nf3 Bb4+ 4. Nc3 h6 5. Qc2 O-O 6. a3 Bxc3+ 7. Qxc3 b6 8.
g3 Bb7 9. Bg2 d6 10. O-O Nbd7 11. b4 Rc8 12. Bb2 c5 13. Rfd1 cxb4 14. axb4 a6
15. Nd2 Bxg2 16. Kxg2 Qc7 17. Kg1 Qb7 18. Qd3 d5 19. Ba3 b5 20. c5 Nb8 21. Bb2
Nc6 22. Bc3 Ra8 23. Ra2 Rfe8 24. f4 Qd7 25. Rda1 Nb8 26. Kg2 Qc6 27. Kf3 g6 28.
g4 Qc7 29. Rg1 h5 30. gxh5 Nxh5 31. e3 Qe7 32. Rg5 Ng7 33. Ra1 Kf8 34. h4 Qf6
35. e4 Qe7 36. Rag1 Nh5 37. Re1 Qb7 38. exd5 exd5 39. Rxe8+ Kxe8 40. Re5+ Kf8
41. Ke3 Qd7 42. Kf2 Nc6 43. Rg5 Re8 44. Qf3 Nf6 45. Qd3 Qe6 1/2-1/2

[Event "26. Off. Wuerttembergische Seniorenmst."]
[Site "Freudenstadt"]
[Date "2014.07.21"]
[Round "6.21"]
[White "Krieg, Karl"]
[Black "Schmidt, Eugen"]
[Result "1/2-1/2"]
[WhiteElo "1702"]
[BlackElo "1835"]
[PlyCount "29"]
[EventDate "2014.??.??"]
[WhiteTeam "SG Schwäbisch Gmünd 1872 e.V"]
[BlackTeam "SF Oos e.V."]

1. d4 g6 2. c4 Bg7 3. Nc3 Nf6 4. e4 d6 5. f3 c6 6. Be3 O-O 7. Qd2 Nbd7 8. Nge2
e5 9. dxe5 dxe5 10. O-O-O Qa5 11. Kb1 b5 12. cxb5 cxb5 13. Nd5 Qxd2 14. Rxd2
Nxd5 15. Rxd5 1/2-1/2

[Event "26. Off. Wuerttembergische Seniorenmst."]
[Site "Freudenstadt"]
[Date "2014.07.21"]
[Round "6.22"]
[White "Foehl, Frithjof"]
[Black "Zschorsch, Peter"]
[Result "1/2-1/2"]
[WhiteElo "1666"]
[BlackElo "1762"]
[PlyCount "63"]
[EventDate "2014.??.??"]
[WhiteTeam "SV Oberkochen"]
[BlackTeam "Karlsruher SF 1853"]

1. e4 d6 2. d4 Nd7 3. Bc4 e6 4. Be3 Nb6 5. Bb3 Nf6 6. Nd2 Bd7 7. c4 e5 8. Ngf3
exd4 9. Bxd4 Be7 10. O-O O-O 11. Bc2 Be6 12. b3 h6 13. Re1 Qd7 14. Qe2 Rad8 15.
Rad1 Rfe8 16. Bb2 Bg4 17. Nf1 Bxf3 18. Qxf3 Qg4 19. Qc3 Nh5 20. h3 Qg5 21. Bc1
Qe5 22. Qf3 Nf6 23. Ng3 Nh7 24. Bf4 Ng5 25. Qg4 Qb2 26. Bb1 Nd7 27. Nh5 g6 28.
Ng3 Ne5 29. Qe2 Qxe2 30. Rxe2 Kg7 31. Bc1 Nd7 32. f3 1/2-1/2

[Event "26. Off. Wuerttembergische Seniorenmst."]
[Site "Freudenstadt"]
[Date "2014.07.21"]
[Round "6.23"]
[White "Just, Gabriele"]
[Black "Stadler, Lothar"]
[Result "1/2-1/2"]
[WhiteElo "1761"]
[BlackElo "1699"]
[PlyCount "77"]
[EventDate "2014.??.??"]
[WhiteTeam "SG Leipzig"]
[BlackTeam "SAbt SV Weiss-BL.Allianz"]

1. d4 Nf6 2. Nf3 e6 3. Bg5 Be7 4. Nbd2 h6 5. Bxf6 Bxf6 6. e3 b6 7. Bd3 Bb7 8.
O-O O-O 9. Qe2 d6 10. c3 Nd7 11. h3 Re8 12. Rfd1 e5 13. dxe5 Nxe5 14. Nxe5 Bxe5
15. Nf3 Bf4 16. g3 Bg5 17. Kh2 Qf6 18. Nxg5 hxg5 19. Rd2 Bf3 20. Qf1 Qh6 21.
Be2 Bc6 22. Bb5 Bxb5 23. Qxb5 g4 24. Qf1 Re5 25. Rd4 gxh3 26. Rh4 Rh5 27. Rxh5
Qxh5 28. Qxh3 Qe2 29. Qg2 Re8 30. Rb1 Qc2 31. Qf1 Rxe3 32. Re1 Re6 33. Kg2 Qxb2
34. Rxe6 fxe6 35. Qc4 d5 36. Qxc7 Qa3 37. Qd7 Qxa2 38. Qe8+ Kh7 39. Qh5+
1/2-1/2

[Event "26. Off. Wuerttembergische Seniorenmst."]
[Site "Freudenstadt"]
[Date "2014.07.21"]
[Round "6.24"]
[White "Blosze, Winfried"]
[Black "Stuiber, Wilhelm"]
[Result "1/2-1/2"]
[WhiteElo "1611"]
[BlackElo "1751"]
[PlyCount "39"]
[EventDate "2014.??.??"]
[WhiteTeam "SV Königsspringer 1929 Großauhei"]
[BlackTeam "SK Turm Euskirchen 65"]

1. e4 d5 2. exd5 Qxd5 3. Nc3 Qd8 4. Bc4 Nf6 5. d3 Bg4 6. f3 Bh5 7. Bg5 Nbd7 8.
Qe2 c6 9. Nh3 e6 10. Nf2 Be7 11. g4 Bg6 12. h4 h6 13. Bd2 Nb6 14. Bb3 Nfd5 15.
h5 Bh7 16. Nce4 Qd7 17. Rg1 f6 18. f4 O-O-O 19. g5 hxg5 20. fxg5 1/2-1/2

[Event "26. Off. Wuerttembergische Seniorenmst."]
[Site "Freudenstadt"]
[Date "2014.07.21"]
[Round "6.25"]
[White "Hoffmann, Peter"]
[Black "Micheel, Peter"]
[Result "1-0"]
[WhiteElo "1521"]
[BlackElo "1741"]
[PlyCount "94"]
[EventDate "2014.??.??"]
[WhiteTeam "SC Ostfildern 1952 e.V."]
[BlackTeam "SSC Graal-Müritz"]

1. d4 Nf6 2. c4 e5 3. dxe5 Ng4 4. Nf3 Bc5 5. e3 Nc6 6. a3 a5 7. Be2 O-O 8. Nc3
Ncxe5 9. Nxe5 Nxe5 10. Ne4 Qe7 11. Nxc5 Qxc5 12. Qd4 Qe7 13. O-O d6 14. b4 Nc6
15. Qc3 axb4 16. axb4 Rxa1 17. Qxa1 Nxb4 18. Bd2 Na6 19. Bc3 f6 20. Bf3 Nc5 21.
Bd4 Nb3 22. Qb2 Nxd4 23. Qxd4 b6 24. Ra1 g6 25. Bc6 Kg7 26. Ra7 Rf7 27. Ra8 Bd7
28. Bd5 Be6 29. Bc6 Rf8 30. Ra7 Qf7 31. Bb5 Rd8 32. e4 Qe7 33. Qxb6 cxb6 34.
Rxe7+ Bf7 35. Rc7 Ra8 36. h3 Kf8 37. Rc6 Ra1+ 38. Kh2 Rc1 39. Rxd6 Rc2 40. f3
Bxc4 41. Bxc4 Rxc4 42. Rxf6+ Kg7 43. Rxb6 Kh6 44. h4 Rc5 45. g4 Rc3 46. Kg3 Ra3
47. Rb2 Rxf3+ 1-0

[Event "26. Off. Wuerttembergische Seniorenmst."]
[Site "Freudenstadt"]
[Date "2014.07.21"]
[Round "6.26"]
[White "Fassmann, Kurt"]
[Black "Schuler, Georg"]
[Result "1-0"]
[WhiteElo "1810"]
[BlackElo "1670"]
[PlyCount "37"]
[EventDate "2014.??.??"]
[WhiteTeam "TuS Mehlmeisel"]
[BlackTeam "SV Balingen"]

1. e4 c5 2. c3 g6 3. d4 cxd4 4. cxd4 Bg7 5. Nf3 Nf6 6. Nc3 d6 7. Be2 b6 8. O-O
Bb7 9. Bd2 O-O 10. Qc2 Nbd7 11. b3 Re8 12. Be3 e5 13. dxe5 dxe5 14. Bb5 a6 15.
Bxd7 Nxd7 16. Rfd1 Qe7 17. Nd5 Bxd5 18. Rxd5 h6 19. Rad1 1-0

[Event "26. Off. Wuerttembergische Seniorenmst."]
[Site "Freudenstadt"]
[Date "2014.07.21"]
[Round "6.27"]
[White "Riegler, Markus"]
[Black "Woisetschlaeger, Adolf"]
[Result "0-1"]
[WhiteElo "1596"]
[BlackElo "1778"]
[Annotator "König,Dirk"]
[PlyCount "40"]
[EventDate "2014.??.??"]
[WhiteTeam "SK Mannheim-Lindenhof 1865"]
[BlackTeam "SC Schwarz-Weiß Zell"]

1. e4 e6 2. d4 d5 3. Nd2 dxe4 4. Nxe4 Nd7 5. Bb5 c5 6. Bc4 Ngf6 7. Ng3 b5 8.
Be2 Bb7 9. Bf3 Qc7 10. N1e2 Bd6 11. c3 O-O 12. O-O Rad8 13. Qc2 a5 14. a3 Rde8
15. h3 e5 16. Nf5 e4 17. Nxd6 Qxd6 18. Bg4 Nxg4 19. hxg4 Nf6 20. g5 Nd5 {
Auf beiden Partieformulare unmoegliche Zuege aufgeschrieben.} 0-1

[Event "26. Off. Wuerttembergische Seniorenmst."]
[Site "Freudenstadt"]
[Date "2014.07.21"]
[Round "6.28"]
[White "Jaeger, Hans-Ulrich"]
[Black "Grasmeyer, Klaus-Peter"]
[Result "0-1"]
[WhiteElo "1749"]
[BlackElo "1623"]
[PlyCount "63"]
[EventDate "2014.??.??"]
[WhiteTeam "SC Sillenbuch"]
[BlackTeam "SC Villingen"]

1. e4 d6 2. d4 Nf6 3. Nc3 g6 4. f4 Bg7 5. Bd3 O-O 6. Nf3 Bg4 7. Be3 Nc6 8. O-O
a6 9. a3 Ne8 10. Be2 e5 11. fxe5 dxe5 12. d5 Ne7 13. Ng5 Bd7 14. Qe1 f6 15. Nf3
Nd6 16. Bd3 c6 17. Rd1 cxd5 18. Nxd5 Nxd5 19. Bc4 Nxc4 20. Bc5 Ndb6 21. b3 Rf7
22. bxc4 Nxc4 23. Qb4 b5 24. Rd5 a5 25. Qb3 Rc8 26. Bf2 Qc7 27. Rfd1 Bf8 28. a4
Nb6 29. Bxb6 Qxb6+ 30. Kf1 Be6 31. Qxb5 Qxb5+ 32. Rxb5 0-1

[Event "26. Off. Wuerttembergische Seniorenmst."]
[Site "Freudenstadt"]
[Date "2014.07.21"]
[Round "6.30"]
[White "Kuepferle, Ernst"]
[Black "Janzen, Christian"]
[Result "1-0"]
[WhiteElo "1715"]
[BlackElo "1505"]
[PlyCount "51"]
[EventDate "2014.??.??"]
[WhiteTeam "SK Kehl"]
[BlackTeam "TSV Marienfelde 1890 e.V."]

1. e4 e5 2. Bc4 Nf6 3. Nc3 Be7 4. Nf3 d6 5. d4 exd4 6. Nxd4 O-O 7. O-O Nbd7 8.
f4 Nb6 9. Bd3 c5 10. Nf3 Bd7 11. b3 Bc6 12. Bb2 Nfd7 13. Qe2 f6 14. Rae1 Re8
15. Nh4 Bf8 16. Qg4 Kh8 17. Qh3 Kg8 18. a4 a5 19. Qf5 Qe7 20. Nd5 Bxd5 21. exd5
g6 22. Nxg6 hxg6 23. Qxg6+ Qg7 24. Rxe8 Qxg6 25. Bxg6 Kg7 26. Bh5 1-0

[Event "26. Off. Wuerttembergische Seniorenmst."]
[Site "Freudenstadt"]
[Date "2014.07.21"]
[Round "6.31"]
[White "Pottgiesser, Ulrich"]
[Black "Engbrecht, Helmut"]
[Result "0-1"]
[WhiteElo "1553"]
[BlackElo "1913"]
[PlyCount "63"]
[EventDate "2014.??.??"]
[WhiteTeam "SC Leinfelden"]
[BlackTeam "SV Schorndorf"]

1. e4 e5 2. Nf3 Nc6 3. d4 exd4 4. Nxd4 Nf6 5. Nxc6 bxc6 6. e5 Qe7 7. Qe2 Nd5 8.
c4 Nb6 9. Nd2 Bb7 10. b3 O-O-O 11. Qe3 Qc5 12. Qxc5 Bxc5 13. Ne4 Bb4+ 14. Bd2
Bxd2+ 15. Nxd2 Rhe8 16. f4 d6 17. Nf3 dxe5 18. fxe5 Nd7 19. Rd1 Nxe5 20. Rxd8+
Rxd8 21. Nxe5 Re8 22. Be2 Rxe5 23. Rf1 f6 24. Rf4 c5 25. Kd2 Bxg2 26. Bf3 Bxf3
27. Rxf3 Kd7 28. Rf2 f5 29. Kc2 g5 30. Kb2 f4 31. Ka3 Kc6 32. Rf3 0-1

[Event "26. Off. Wuerttembergische Seniorenmst."]
[Site "Freudenstadt"]
[Date "2014.07.21"]
[Round "6.32"]
[White "Scharhag, Wilhelm"]
[Black "Klaus, Eduard"]
[Result "1-0"]
[WhiteElo "1679"]
[BlackElo "1539"]
[PlyCount "153"]
[EventDate "2014.??.??"]
[WhiteTeam "SK Bad Krozingen"]
[BlackTeam "SC Möhringen 1961"]

1. e4 c5 2. c3 e6 3. Nf3 Nc6 4. Be2 a6 5. O-O Be7 6. d4 cxd4 7. cxd4 d5 8. e5
Bd7 9. a3 b5 10. Be3 Na5 11. Nbd2 Rc8 12. b3 Qb6 13. Qb1 Bd8 14. Rc1 Rxc1+ 15.
Qxc1 Nb7 16. b4 Ne7 17. Bd3 Nf5 18. Nb3 Nxe3 19. Qxe3 O-O 20. Rc1 Be7 21. Nc5
Nxc5 22. dxc5 Qb7 23. Nd4 Bc6 24. f4 g6 25. g4 Kh8 26. g5 Rg8 27. h4 Qc8 28.
Kf1 Bf8 29. h5 Rg7 30. Rc2 Qe8 31. Rh2 Bd7 32. hxg6 fxg6 33. Rc2 Bc6 34. Qh3
Bd7 35. c6 Bc8 36. c7 Re7 37. Ke2 Qf7 38. Ke3 Rxc7 39. Rxc7 Qxc7 40. Bxg6 Qc3+
41. Bd3 Qc1+ 42. Ke2 Qc7 43. Qh5 Qe7 44. Nc6 Qg7 45. Nd8 Bd7 46. Nf7+ Kg8 47.
Nh6+ Kh8 48. Ng4 Bc6 49. Nf6 h6 50. Ng4 Qe7 51. Nxh6 Bxh6 52. Qxh6+ Kg8 53. Ke3
Qd7 54. g6 Qg7 55. Qh7+ Kf8 56. Kd4 Be8 57. Kc5 Qe7+ 58. Qxe7+ Kxe7 59. Kb6 Kf8
60. Kxa6 Kg7 61. Bxb5 Bxg6 62. Be2 d4 63. b5 Be4 64. b6 Kg6 65. b7 Bxb7+ 66.
Kxb7 Kf5 67. Kc6 Kxf4 68. Kd6 Ke3 69. Bh5 d3 70. a4 d2 71. Bd1 Kf2 72. a5 Ke1
73. Bh5 d1=Q+ 74. Bxd1 Kxd1 75. a6 Ke2 76. a7 Ke3 77. a8=Q 1-0

[Event "26. Off. Wuerttembergische Seniorenmst."]
[Site "Freudenstadt"]
[Date "2014.07.21"]
[Round "6.33"]
[White "Bartlitz, Heinz"]
[Black "Payen, Gerard"]
[Result "1/2-1/2"]
[WhiteElo "1464"]
[BlackElo "1665"]
[PlyCount "59"]
[EventDate "2014.??.??"]
[WhiteTeam "Bramfelder SK 1947 e.V."]
[BlackTeam "Paris"]

1. e4 e6 2. d4 d5 3. exd5 exd5 4. Nf3 Bd6 5. c3 Ne7 6. Bd3 Bf5 7. O-O O-O 8.
Be3 c6 9. Qc2 Bxd3 10. Qxd3 Ng6 11. Re1 Re8 12. Nbd2 Nd7 13. Nf1 Ndf8 14. Bg5
f6 15. Bh4 Qd7 16. Bg3 Bxg3 17. Nxg3 Rxe1+ 18. Rxe1 Re8 19. Rxe8 Qxe8 20. Qe2
Qxe2 21. Nxe2 Ne6 22. g3 Kf7 23. Kg2 Ke7 24. h4 Kd6 25. Ne1 a5 26. a4 b6 27.
Nc2 Ngf8 28. Ne3 g6 29. f4 Ng7 30. g4 1/2-1/2

[Event "26. Off. Wuerttembergische Seniorenmst."]
[Site "Freudenstadt"]
[Date "2014.07.21"]
[Round "6.34"]
[White "Schuetze, Manfred"]
[Black "Baeuerle, Horst"]
[Result "1-0"]
[WhiteElo "1615"]
[BlackElo "1506"]
[PlyCount "44"]
[EventDate "2014.??.??"]
[WhiteTeam "SV Blau-Rot Pratau"]
[BlackTeam "SK Horb"]

1. e4 c6 2. d4 d5 3. Nd2 dxe4 4. Nxe4 Bf5 5. Ng3 Bg6 6. h4 h6 7. Nf3 Nd7 8. h5
Bh7 9. Bd3 Bxd3 10. Qxd3 e6 11. Bd2 Ngf6 12. O-O-O Qc7 13. Qe2 O-O-O 14. Ne5
Nxe5 15. dxe5 Nd5 16. f4 a6 17. Kb1 Kb8 18. c4 Nb6 19. Ba5 Be7 20. Qe3 c5 21.
Qf3 Rxd1+ 22. Rxd1 Rd8 1-0